[Event "CZE-ch U12"]
[Site "Teplice"]
[Date "2023.03.12"]
[Round "2"]
[White "Kroulik, Vaclav"]
[Black "Tejnor, Martin"]
[Result "1-0"]
[WhiteElo "1772"]
[BlackElo "1360"]
[PlyCount "67"]
[EventDate "2023.03.11"]
[EventType "swiss"]
[EventRounds "9"]
[EventCountry "CZE"]
[SourceTitle "CBM 213 Extra"]
[Source "ChessBase"]
[SourceDate "2023.05.31"]
[SourceVersion "1"]
[SourceVersionDate "2023.05.31"]
[SourceQuality "1"]

1. e4 c5 2. Nf3 d6 3. d4 cxd4 4. Nxd4 Nf6 5. Nc3 e6 6. g4 Be7 7. Be3 a6 8. Rg1 b5 9. f3 Bb7 10. Qd2 Nc6 11. Nxc6 Bxc6 12. 0-0-0 Qc7 13. Kb1 d5 14. g5 b4 15. gxf6 bxc3 16. fxg7 Rg8 17. Qxc3 dxe4 18. fxe4 Qb7 19. e5 Rb8 20. b3 Bb4 21. Qd4 a5 22. Bd3 a4 23. Bxh7 axb3 24. cxb3 Be7 25. Bxg8 Be4+ 26. Ka1 Ra8 27. Bxf7+ Kxf7 28. g8Q+ Rxg8 29. Rdf1+ Bf5 30. Rxf5+ exf5 31. Qc4+ Ke8 32. Rxg8+ Kd7 33. e6+ Kd6 34. Bf4# 1-0

[Event "CZE-ch U12"]
[Site "Luhacovice"]
[Date "2022.03.16"]
[Round "6"]
[White "Topencik, Bruno"]
[Black "Tejnor, Martin"]
[Result "1-0"]
[WhiteElo "1339"]
[BlackElo "1367"]
[PlyCount "121"]
[EventDate "2022.03.12"]
[EventType "swiss"]
[EventRounds "9"]
[EventCountry "CZE"]
[SourceTitle "EXT 2023"]
[Source "ChessBase"]
[SourceDate "2022.10.05"]
[SourceVersion "1"]
[SourceVersionDate "2022.10.05"]
[SourceQuality "1"]

1. d4 Nf6 2. c4 g6 3. Nc3 Bg7 4. Nf3 d6 5. Bg5 0-0 6. Qd2 Re8 7. e3 Nbd7 8. Be2 e5 9. 0-0 h6 10. Bxf6 Bxf6 11. dxe5 Nxe5 12. Nd5 Bg7 13. Nxe5 Rxe5 14. Rfe1 Bf5 15. Bd3 Bd7 16. Nc3 Bc6 17. Bf1 Qd7 18. Ne2 Rae8 19. Nd4 Be4 20. Bd3 Bxd3 21. Qxd3 Rh5 22. Qf1 Re4 23. Rad1 Rg4 24. f3 Rgg5 25. f4 Ra5 26. a3 Qg4 27. Qf3 Qxf3 28. gxf3 Rac5 29. Rc1 Rh3 30. Rf1 a6 31. Nb3 Rf5 32. Rf2 Rhh5 33. Rd1 Kf8 34. Kg2 Rf6 35. Nd4 c5 36. Ne2 Ke7 37. Nc3 Re6 38. Nd5+ Kd8 39. Rfd2 Bf8 40. Kg3 f5 41. h4 Be7 42. Nxe7 Kxe7 43. Re1 Kd7 44. e4 fxe4 45. fxe4 Kc6 46. Rd5 Kd7 47. Rxh5 gxh5 48. f5 Rf6 49. Kf4 Ke7 50. Rg1 Kf7 51. a4 a5 52. Rg3 Kf8 53. b3 Kf7 54. Rg2 b6 55. Rd2 Ke7 56. Rg2 Kf7 57. e5 dxe5+ 58. Kxe5 Rc6 59. Rd2 Ke7 60. Rd3 Rf6 61. Rd7+ 1-0

[Event "CZE-ch U12"]
[Site "Herlikovice"]
[Date "2021.10.23"]
[Round "1"]
[White "Beranova, Marta"]
[Black "Tejnor, Martin"]
[Result "0-1"]
[WhiteElo "1146"]
[BlackElo "1355"]
[PlyCount "118"]
[EventDate "2021.10.23"]
[EventType "swiss"]
[EventRounds "9"]
[EventCountry "CZE"]
[SourceTitle "EXT 2023"]
[Source "ChessBase"]
[SourceDate "2022.10.05"]
[SourceVersion "1"]
[SourceVersionDate "2022.10.05"]
[SourceQuality "1"]

1. e4 c5 2. Nc3 Nc6 3. f4 d6 4. Bc4 e6 5. Nf3 Nf6 6. Bb5 Bd7 7. e5 Nd5 8. Nxd5 exd5 9. d4 cxd4 10. Nxd4 dxe5 11. Nxc6 bxc6 12. Be2 Bd6 13. g3 exf4 14. Bxf4 Bxf4 15. gxf4 Qh4+ 16. Kf1 Qxf4+ 17. Bf3 0-0 18. Kg2 Rfe8 19. Re1 Bf5 20. Rxe8+ Rxe8 21. Qf1 Qh4 22. Qf2 Qxf2+ 23. Kxf2 Bxc2 24. Rc1 Ba4 25. b3 Bb5 26. a4 Ba6 27. Rxc6 Bb7 28. Rc7 Rb8 29. Ke3 d4+ 30. Kf2 Bxf3 31. Kxf3 Rxb3+ 32. Ke2 f6 33. Rxa7 Ra3 34. a5 h5 35. a6 Kh7 36. Kd2 d3 37. Ra8 Kg6 38. a7 Kg5 39. Kc1 g6 40. Kb2 d2 41. Kxa3 d1Q 42. Rb8 Qa1+ 43. Kb4 Qxa7 44. Rb5+ Kh6 45. Ra5 Qxa5+ 46. Kxa5 f5 47. Kb4 f4 48. Kc3 g5 49. Kd3 g4 50. Ke2 f3+ 51. Kf2 Kg5 52. Kf1 h4 53. Kf2 Kf4 54. Kf1 g3 55. h3 f2 56. Ke2 Ke4 57. Kf1 Ke3 58. Kg2 Ke2 59. Kh1 f1Q# 0-1